| 000 | 00628nam a2200217 i 4500 | ||
|---|---|---|---|
| 999 |
_c77399 _d77399 |
||
| 001 | C2-0268605 | ||
| 003 | PPAK | ||
| 005 | 20190625145254.0 | ||
| 008 | 060808s my |||| ||||| | may d | ||
| 040 |
_aPPAK _beng _cPPAK _erda |
||
| 082 | 0 | 4 |
_a630.9595 _223 |
| 090 | 0 | 0 |
_a630.9595 _bKER _dKAR |
| 245 | 0 | 0 | _aKertas Perancangan Projek Institut Pengurusan Kedah- OITA Ampangan Muda, Gubir, Sik Kedah Darul Aman |
| 264 | 1 | _aKedah : | |
| 300 |
_a4 pages ; _c30 cm |
||
| 336 |
_2rdacontent _atext |
||
| 337 |
_2rdamedia _aunmediated |
||
| 338 |
_2rdacarrier _avolume |
||
| 650 | 1 | 0 | _aAgriculture And State Malaysia |
| 942 |
_cB _2ddc |
||